| 000 | 00906cam a22002774a 4500 | ||
|---|---|---|---|
| 001 | 4083054 | ||
| 003 | ARRUPE | ||
| 005 | 20150728020011.0 | ||
| 008 | 030530s2003 enkacf b 001 0beng | ||
| 020 | _a1582341982 | ||
| 035 | _a(OCoLC)223708632 | ||
| 035 | _a(OCoLC)ocn223708632 | ||
| 035 | _a(NNC)4083054 | ||
| 040 |
_aNNC _cNNC |
||
| 100 | 1 |
_aWilson, Andrew. _91830 |
|
| 245 | 1 | 0 |
_aBeautiful shadow : _ba life of Patricia Highsmith / _cAndrew Wilson. |
| 250 | _a1st US ed. | ||
| 260 |
_aNew York : _bBloomsbury, _c2003. |
||
| 300 |
_a534 p., [16] p. of plates :|bill., ports. ; _c24 cm. |
||
| 504 | _aIncludes bibliographical references and index. | ||
| 600 | 1 | 0 |
_aHighsmith, Patricia, _d1921-1995. _91831 |
| 650 | 0 |
_aWomen novelists, American _y20th century _vBiography. _91832 |
|
| 650 | 0 |
_aNovelists, American _y20th century _vBiography. _91833 |
|
| 942 |
_2lcc _cMONOGRAPH _01 |
||
| 999 |
_c118181 _d118181 |
||